Представление документа в формате MARC21

ПолеНазваниеЗначение
  Тип записи a
  Библиографический уровень m
001 Контрольный номер RU\infra-m\znanium\bibl\2222229
005 Дата корректировки 20260429142341.6
008 Кодируемые данные 260123s2026 RU g rus u
020 Индекс ISBN __
a ISBN 978-5-16-005712-5
020 Индекс ISBN __
a ISBN 978-5-16-500100-0 (электр. издание)
040 Источник каталогиз. __
a Служба первич. каталог. Общество с ограниченной ответственностью «ЗНАНИУМ»
041 Код языка издания __
a Код языка текста rus
044 Код страны публикации __
a Код страны публикации RU
080 Индекс УДК __
a Индекс УДК 631.5(075.8)
084 Индекс другой классификации/Индекс ББК __
2 Источник индекса rubbk
a Индекс другой классификации/Индекс ББК 65.32я73
084 Индекс другой классификации/Индекс ББК __
2 Источник индекса okso
a Индекс другой классификации/Индекс ББК 35.03.03
084 Индекс другой классификации/Индекс ББК __
2 Источник индекса okso
a Индекс другой классификации/Индекс ББК 35.03.06
084 Индекс другой классификации/Индекс ББК __
2 Источник индекса okso
a Индекс другой классификации/Индекс ББК 35.03.07
100 Автор __
a Автор Сидоренко О.Д.
q Полное имя Сидоренко Олег Дмитриевич
u Дополнение Российский государственный аграрный университет - МСХА им. К.А. Тимирязева
245 Заглавие __
a Заглавие Биоконверсия отходов агропромышленного комплекса
b Продолж. заглавия Учебное пособие
c Ответственность Российский государственный аграрный университет - МСХА им. К.А. Тимирязева
250 Сведения об издании __
a Основные сведения об издании 1
260 Выходные данные __
a Место издания Москва
b Издательство ООО "Научно-издательский центр ИНФРА-М"
c Дата издания 2026
300 Физическое описание __
a Объем 160 с.
440 Серия __
a Серия Высшее образование: Бакалавриат
520 Аннотация __
a Аннотация Впервые обобщены перспективные биологические технологии переработки отходов растениеводства животноводства и перерабатывающей промышленности. Основное внимание уделено биоконверсии отходов и продуктам их переработки. Рассматриваемые технологии обладают несомненным преимуществом — они экологичны. Результаты теоретических изысканий и научных исследований существа процесса трансформации отходов уже находят практическое применение на перерабатывающих биофабриках. Отходы из опасного источника загрязнения превращаются в ценное сырье для получения удобрений кормов и горючих материалов. Предназначено для студентов высших учебных сельскохозяйственных заведений специалистов и сотрудников министерств и ведомств научно-исследовательских учреждений.
521 Примеч. о цел. назн. __
a Примеч. о целев. назн. ВО - Бакалавриат
650 Тематические рубрики __
a Основная рубрика Сельское хозяйство
x Основная подрубрика Растениеводство
655 Указ. предметных рубрик (устаревшее) __
a Жанр/ форма (устаревшее) Учебное пособие
700 Другие авторы __
a Другие авторы Кутровский В. Н.
q Полное имя Кутровский Виктор Николаевич
856 Электронный адрес документа 4_
a Имя сервера/домена znanium.ru
m Помощь ebs_support@infra-m.ru
n Местонахождение сервера НИЦ ИНФРА-М
u URL https://znanium.ru/catalog/document?id=477102
856 Электронный адрес документа 48
a Имя сервера/домена znanium.ru
d Путь /cover/2222
f Электронное имя 2222229.jpg
q Тип электронного формата image/jpeg
u URL https://znanium.ru/cover/2222/2222229.jpg
911 __
u 0030=https://znanium.ru/catalog/document?id=477102